00556 a2200181 4500001000700000003000400007005001700011008004100028082001800069100001900087245004900106260002800155300001000183653003900193942001200232999001500244952011500259068462OSt20220217165404.0  a823.912bS47C1 aSimmons, Allan1 aConrad's heart of darknesscby Allan Simmons aLondonbContinuumc2007 a132p. aHeart of darkness (Conrad, Joseph) 2ddccBK c2124d2124 00102ddc40708TXBaCURAJbCURAJd2012-03-07eENGg942.00l0o823.912 S47Cp2749r2024-11-21w2020-09-02yBK